Statistics for Family Guy Quiz

Click here to take the quiz!

General Stats

  • This quiz has been taken 893 times
  • The average score is 10 of 15

Answer Stats

HintAnswer% Correct
Who Kills LoisStewie
99%
There Dogbrian
98%
The old man across the roadherbert
92%
What is peter daughter calledmeg
89%
Who's catchphrase is 'Giggity'quagmire
88%
What is Peters Disabled friend calledjoe
84%
Who bullies meg at homePeter
82%
Where is peters real dad fromireland
79%
Who was JillianBrians Girlfriend
71%
What is the street they live on calledSpooner street
70%
What is chris's high school calledJames Woods High
65%
The Old mans dogjessie
53%
What toy does stewie pull to open his hidden roombaseball bat
43%
What was stewie's wife calledolivia
20%
Where Did peter work at fisrtHappy Go Lucky Toys
9%

Score Distribution

Percentile by Number Answered

Percent of People with Each Score

Your Score History

You have not taken this quiz